Regionálne porovnania v Slovenskej republike 2003

Guardado en:
Detalles Bibliográficos
Formato: Libro
Lenguaje:eslovaco
inglés
Publicado: Bratislava Štatistický úrad Slovenskej republiky 2004
Materias:
Etiquetas: Agregar Etiqueta
Sin Etiquetas, Sea el primero en etiquetar este registro!

MARC

LEADER 00000nam$a2200000$$$4500
001 0025429
005 20251209124545.5
041 0 |a slo 
041 0 |a eng 
044 |a SK 
245 1 0 |a Regionálne porovnania v Slovenskej republike 2003 
264 1 |a Bratislava  |b Štatistický úrad Slovenskej republiky  |c 2004 
300 |a 145 s. 
610 2 0 |a Slovensko 
610 2 0 |a regióny 
610 2 0 |a obyvateľstvo 
610 2 0 |a priemysel 
610 2 0 |a stavebníctvo 
610 2 0 |a poľnohospodárstvo 
610 2 0 |a vodohospodárstvo 
610 2 0 |a prostredie životné 
610 2 0 |a doprava 
610 2 0 |a obchod vnútorný 
610 2 0 |a ruch cestovný 
610 2 0 |a výskum 
610 2 0 |a školstvo 
610 2 0 |a kultúra 
610 2 0 |a zdravotníctvo 
610 2 0 |a zabezpečenie sociálne 
610 2 0 |a nehody 
610 2 0 |a kriminalita 
610 2 0 |a zamestnanosť 
610 2 0 |a výstavba bytová